| 000 | 01565nam a2200229Ia 4500 | ||
|---|---|---|---|
| 003 | Ost | ||
| 005 | 20260507075612.0 | ||
| 008 | 260507s9999||||xx |||||||||||||| ||und|| | ||
| 040 | _cfsecg | ||
| 041 | _aara | ||
| 082 | _a320.531 | ||
| 100 |
_aكورناي، جانوس _eمؤلف |
||
| 245 | 0 |
_aطريق رئيس وطرق فرعية : _bدراسات في الإصلاح والإنتقال ما بعد الشيوعي / _c جانوس كورناي |
|
| 260 |
_aعمان: _bدار الكتاب الحديث للنشر والتوزيع, _c1998 |
||
| 300 |
_a265 صفحة؛ _bإيضاحات ؛ _c25 سم |
||
| 504 | _aالمراجع ص.235 | ||
| 520 | _aاشتراكية السوق المعاد فحصها، الصلة بين أشكال الملكية وآليات التنسيق، طريق الاتحاد السوفياتي إلى الاقتصاد الحر:تعليقات مراقب خارجي، مبادئ الخصخصة في اروبا الشرقية، الانتقال ما بعد الاشتراكي والدولة، تأملات في ضوء الشكلات المالية الهنغارية، التطور التدريجي للانضباط المالي في ظل النسق ما بعد الاشتراكي، الركود التحويلي، ظاهرة عامة مفحوصة من خلال مثال تطور هنغاريا، الانتقال ما بعد الاشتراكي: مراجعة عامة | ||
| 653 | _aالاشتراكية | ||
| 653 | _aالاقتصاد- تاريخ | ||
| 700 |
_aالتل، نادر ادريس _eمؤلف ثانوي |
||
| 942 | _cكتاب | ||
| 999 |
_c45079 _d45079 |
||